Normal view
MARC view
- Neely, John E, White, Warren T Meyer, Roland O
Entry Corporate Name
001 - CONTROL NUMBER
- control field: 113019
003 - CONTROL NUMBER IDENTIFIER
- control field: NUST
005 - DATE AND TIME OF LATEST TRANSACTION
- control field: 20230606115003.0
008 - FIXED-LENGTH DATA ELEMENTS
- fixed length control field: 230606|| aca||aabn | a|a d
040 ## - CATALOGING SOURCE
- Original cataloging agency: NUST
- Transcribing agency: NUST
110 ## - HEADING--CORPORATE NAME
- Corporate name or jurisdiction name as entry element: Neely, John E, White, Warren T Meyer, Roland O
670 ## - SOURCE DATA FOUND
- Source citation: Work cat.: (NUST)569483: Kibbe, Richard R, 59527, Machine Tool Practices, 2015
